| 000 | 00657nam a2200217Ia 4500 | ||
|---|---|---|---|
| 003 | GCL | ||
| 008 | 140319s9999 xx 000 0 ara d | ||
| 040 |
_aGCL / _cGCL |
||
| 082 | 0 | 4 |
_aط _b371.9044 _bش ا |
| 100 | 1 | _aشاكر المعداوى | |
| 245 | 1 | 0 |
_aرحلة صيد: ارسم - لون - اكتب قصة / _cشاكر المعداوى |
| 260 |
_a[S.N] : _bمركز الاهرام للترجمة والنشر ، _c1986 |
||
| 300 | _a24 ص | ||
| 490 | _a | ||
| 650 | 0 | 4 | _aالاطفال |
| 650 | 0 | 4 | _aتعليم الاطفال |
| 650 | 0 | 4 | _aالاطباق الطائرة |
| 650 | 0 | 4 | _aالرسم |
| 650 | 0 | 4 | _aالتلوين |
| 942 |
_2ddc _cBK |
||
| 999 |
_c56827 _d56827 |
||